[Event "2012"]
[Site "Pyhajarve"]
[Date "2012.11.25"]
[Round "12.3"]
[White "OZOLINS, Aris"]
[Black "MIEZIS, Normunds"]
[Result "0-1"]
[LiveChessVersion "1.3.1"]
[BlackElo "2512"]
[WhiteElo "2177"]

1. e4 {[%clk 0:13:59]} c5 {[%clk 0:05:59]} 2. Nf3 {[%clk 0:13:58]} e6
{[%clk 0:05:57]} 3. c4 {[%clk 0:13:57]} Nc6 {[%clk 0:05:55]} 4. Nc3
{[%clk 0:13:56]} g5 {[%clk 0:05:48]} 5. h3 {[%clk 0:13:46]} Bg7 {[%clk 0:05:45]}
6. d3 {[%clk 0:13:44]} h6 {[%clk 0:05:43]} 7. Be3 {[%clk 0:13:41]} Nd4
{[%clk 0:05:39]} 8. Rb1 {[%clk 0:13:34]} a6 {[%clk 0:05:34]} 9. e5
{[%clk 0:13:14]} Nxf3+ {[%clk 0:05:02]} 10. Qxf3 {[%clk 0:13:12]} Qc7
{[%clk 0:04:58]} 11. Ne4 {[%clk 0:13:02]} Bxe5 {[%clk 0:04:52]} 12. Bxc5
{[%clk 0:12:17]} d5 {[%clk 0:03:51]} 13. cxd5 {[%clk 0:11:58]} exd5
{[%clk 0:03:49]} 14. d4 {[%clk 0:11:57]} Bf4 {[%clk 0:03:08]} 15. Nc3
{[%clk 0:11:41]} Ne7 {[%clk 0:02:57]} 16. Nxd5 {[%clk 0:11:30]} Nxd5
{[%clk 0:02:54]} 17. Qxd5 {[%clk 0:11:25]} Be6 {[%clk 0:02:52]} 18. Qe4
{[%clk 0:11:11]} O-O-O {[%clk 0:02:47]} 19. Be2 {[%clk 0:11:04]} Bxa2
{[%clk 0:02:43]} 20. Ra1 {[%clk 0:10:57]} Rhe8 {[%clk 0:02:38]} 21. Qf5+
{[%clk 0:10:31]} Be6 {[%clk 0:02:36]} 22. Qd3 {[%clk 0:10:16]} Qxc5
{[%clk 0:02:24]} 23. dxc5 {[%clk 0:10:10]} Rxd3 {[%clk 0:02:21]} 24. Bxd3
{[%clk 0:10:09]} Bc4+ {[%clk 0:02:16]} 25. Kf1 {[%clk 0:09:33]} Bxd3+
{[%clk 0:02:14]} 26. Kg1 {[%clk 0:09:32]} Re2 {[%clk 0:02:11]} 27. h4
{[%clk 0:09:20]} g4 {[%clk 0:02:06]} 28. h5 {[%clk 0:09:17]} Rxb2
{[%clk 0:02:00]} 29. g3 {[%clk 0:09:10]} Be5 {[%clk 0:01:54]} 30. Re1
{[%clk 0:09:04]} Be2 {[%clk 0:01:49]} 31. Kh2 {[%clk 0:09:00]} Bd4
{[%clk 0:01:44]} 32. c6 {[%clk 0:08:48]} bxc6 {[%clk 0:01:42]} 0-1

[Event "2012"]
[Site "Pyhajarve"]
[Date "2012.11.25"]
[Round "12.4"]
[White "REBANE, Raul"]
[Black "VOLODIN, Aleksandr"]
[Result "0-1"]
[LiveChessVersion "1.3.1"]
[BlackElo "2446"]
[WhiteElo "2147"]

1. d4 {[%clk 0:15:59]} Nf6 {[%clk 0:03:59]} 2. Nf3 {[%clk 0:15:59]} c5
{[%clk 0:03:59]} 3. c3 {[%clk 0:15:58]} b6 {[%clk 0:03:58]} 4. Bf4
{[%clk 0:15:57]} Bb7 {[%clk 0:03:57]} 5. e3 {[%clk 0:15:56]} e6 {[%clk 0:03:56]}
6. Be2 {[%clk 0:15:52]} Be7 {[%clk 0:03:55]} 7. h3 {[%clk 0:15:51]} d6
{[%clk 0:03:54]} 8. O-O {[%clk 0:15:49]} Nbd7 {[%clk 0:03:53]} 9. a4
{[%clk 0:15:48]} a6 {[%clk 0:03:53]} 10. Na3 {[%clk 0:15:47]} O-O
{[%clk 0:03:51]} 11. Qb3 {[%clk 0:15:46]} Qc7 {[%clk 0:03:45]} 12. Bh2
{[%clk 0:15:45]} Ne4 {[%clk 0:03:32]} 13. Rfd1 {[%clk 0:15:28]} Rad8
{[%clk 0:03:25]} 14. Nc4 {[%clk 0:14:53]} Bc6 {[%clk 0:03:19]} 15. Ncd2
{[%clk 0:14:42]} Nxd2 {[%clk 0:03:17]} 16. Nxd2 {[%clk 0:14:29]} Qb7
{[%clk 0:03:15]} 17. Bf3 {[%clk 0:14:29]} Nf6 {[%clk 0:03:13]} 18. Bxc6
{[%clk 0:14:15]} Qxc6 {[%clk 0:03:12]} 19. Nc4 {[%clk 0:13:35]} b5
{[%clk 0:03:00]} 20. axb5 {[%clk 0:13:32]} axb5 {[%clk 0:02:59]} 21. Nd2
{[%clk 0:13:30]} Ra8 {[%clk 0:02:54]} 22. Qc2 {[%clk 0:13:00]} h6
{[%clk 0:02:52]} 23. Bg3 {[%clk 0:12:44]} d5 {[%clk 0:02:38]} 24. Be5
{[%clk 0:12:02]} Nd7 {[%clk 0:02:35]} 25. Bg3 {[%clk 0:11:56]} f5
{[%clk 0:02:34]} 26. Nf3 {[%clk 0:11:40]} c4 {[%clk 0:02:34]} 27. Ne5
{[%clk 0:11:09]} Nxe5 {[%clk 0:02:33]} 28. Bxe5 {[%clk 0:11:08]} b4
{[%clk 0:02:32]} 29. Qe2 {[%clk 0:10:49]} b3 {[%clk 0:02:29]} 30. Rab1
{[%clk 0:10:44]} Kh7 {[%clk 0:02:26]} 31. Qf3 {[%clk 0:10:21]} Ra2
{[%clk 0:02:25]} 32. Qg3 {[%clk 0:10:12]} Rf7 {[%clk 0:02:24]} 33. h4 g6 34. Qf3
{[%clk 0:08:56]} Qe8 {[%clk 0:02:21]} 35. Qh3 {[%clk 0:08:43]} Qd8
{[%clk 0:02:15]} 36. h5 {[%clk 0:08:11]} g5 {[%clk 0:02:13]} 37. Qg3
{[%clk 0:07:48]} Bf8 {[%clk 0:02:09]} 38. f3 {[%clk 0:07:33]} Qe8
{[%clk 0:02:07]} 39. Re1 {[%clk 0:06:55]} Rfa7 {[%clk 0:02:06]} 40. Qh3
{[%clk 0:06:40]} Bg7 {[%clk 0:02:05]} 41. Bd6 {[%clk 0:06:23]} Qd8
{[%clk 0:02:03]} 42. Bc5 {[%clk 0:06:11]} Rf7 {[%clk 0:02:01]} 43. e4
{[%clk 0:06:02]} dxe4 {[%clk 0:01:53]} 44. fxe4 {[%clk 0:05:58]} g4
{[%clk 0:01:53]} 45. Qh2 {[%clk 0:05:03]} f4 {[%clk 0:01:51]} 46. Rf1
{[%clk 0:04:43]} Qg5 {[%clk 0:01:51]} 47. Bd6 {[%clk 0:04:25]} e5
{[%clk 0:01:46]} 48. dxe5 {[%clk 0:03:02]} Bxe5 {[%clk 0:01:45]} 49. Bxe5
{[%clk 0:03:01]} Qxe5 {[%clk 0:01:43]} 50. Qh4 {[%clk 0:03:00]} Qc5+
{[%clk 0:01:38]} 51. Kh1 {[%clk 0:02:59]} Qg5 {[%clk 0:01:37]} 52. Qxg5 hxg5 53.
Rfd1 {[%clk 0:02:45]} g3 {[%clk 0:01:33]} 54. Rd6 {[%clk 0:02:35]} Rfa7
{[%clk 0:01:29]} 55. Rdd1 {[%clk 0:02:27]} Kh6 {[%clk 0:01:27]} 56. Kg1
{[%clk 0:02:26]} Kxh5 {[%clk 0:01:26]} 57. Kf1 {[%clk 0:02:25]} Kg4
{[%clk 0:01:24]} 58. Ke2 {[%clk 0:02:20]} Rh7 {[%clk 0:01:20]} 0-1

[Event "2012"]
[Site "Pyhajarve"]
[Date "2012.11.25"]
[Round "12.5"]
[White "VIHMAND, Ants"]
[Black "SMITH, Axel"]
[Result "1-0"]
[LiveChessVersion "1.3.1"]
[BlackElo "2490"]
[WhiteElo "2176"]

1. e4 {[%clk 0:11:59]} c5 {[%clk 0:08:00]} 2. d4 {[%clk 0:11:58]} cxd4
{[%clk 0:07:58]} 3. c3 {[%clk 0:11:58]} Nf6 {[%clk 0:07:57]} 4. e5
{[%clk 0:11:49]} Nd5 {[%clk 0:07:56]} 5. Qxd4 {[%clk 0:11:31]} e6
{[%clk 0:07:52]} 6. Nf3 {[%clk 0:11:25]} Nc6 {[%clk 0:07:51]} 7. Qe4
{[%clk 0:11:25]} f5 {[%clk 0:07:47]} 8. exf6 {[%clk 0:11:23]} Nxf6
{[%clk 0:07:44]} 9. Qh4 {[%clk 0:11:20]} Be7 {[%clk 0:07:18]} 10. Bd3
{[%clk 0:11:16]} d5 {[%clk 0:07:01]} 11. Bg5 {[%clk 0:11:11]} Qb6
{[%clk 0:06:43]} 12. b4 {[%clk 0:10:42]} a6 {[%clk 0:06:10]} 13. O-O
{[%clk 0:10:38]} Bd7 {[%clk 0:06:07]} 14. a4 {[%clk 0:10:31]} h6 {[%clk 0:05:50]}
15. Bg6+ {[%clk 0:10:29]} Kd8 {[%clk 0:05:49]} 16. Be3 {[%clk 0:10:24]} Qc7
{[%clk 0:05:40]} 17. Na3 {[%clk 0:09:48]} Ne4 {[%clk 0:05:29]} 18. Qh5
{[%clk 0:09:45]} Nxc3 {[%clk 0:05:09]} 19. b5 {[%clk 0:09:40]} axb5
{[%clk 0:04:51]} 20. Nxb5 {[%clk 0:09:37]} Nxb5 {[%clk 0:04:44]} 21. axb5
{[%clk 0:09:36]} Rxa1 {[%clk 0:04:42]} 22. Rxa1 {[%clk 0:09:31]} Na5
{[%clk 0:04:20]} 23. Ne5 {[%clk 0:09:18]} Rf8 {[%clk 0:03:47]} 24. Nf7+
{[%clk 0:09:09]} Kc8 {[%clk 0:03:20]} 25. b6 {[%clk 0:09:08]} Qc3
{[%clk 0:01:47]} 26. Rc1 {[%clk 0:09:02]} Qxc1+ {[%clk 0:01:46]} 27. Bxc1 Nc4 28.
Qe2 {[%clk 0:08:51]} Nxb6 {[%clk 0:01:41]} 29. Ne5 {[%clk 0:08:34]} Bc5
{[%clk 0:01:32]} 30. Nd3 {[%clk 0:08:32]} Bd6 {[%clk 0:01:26]} 31. Ne5
{[%clk 0:08:25]} Bc5 {[%clk 0:01:25]} 32. Qc2 {[%clk 0:08:09]} Nc4
{[%clk 0:01:23]} 33. Nxc4 {[%clk 0:07:53]} Bxf2+ {[%clk 0:00:56]} 34. Kh1
{[%clk 0:07:51]} dxc4 {[%clk 0:00:56]} 35. Qxc4+ {[%clk 0:07:44]} Kd8
{[%clk 0:00:49]} 36. Ba3 {[%clk 0:07:36]} Rf6 {[%clk 0:00:39]} 37. Be4
{[%clk 0:07:30]} Bd4 {[%clk 0:00:25]} 38. Bxb7 {[%clk 0:07:15]} e5
{[%clk 0:00:21]} 39. Bf3 {[%clk 0:07:04]} Rb6 {[%clk 0:00:20]} 40. Bb4
{[%clk 0:07:00]} Rb8 {[%clk 0:00:17]} 41. Ba5+ {[%clk 0:06:57]} Ke7
{[%clk 0:00:15]} 42. Bb4+ {[%clk 0:06:56]} Kf6 {[%clk 0:00:13]} 43. g3
{[%clk 0:06:50]} Bh3 {[%clk 0:00:09]} 44. Qc6+ {[%clk 0:06:47]} Kg5
{[%clk 0:00:03]} 45. Be7+ {[%clk 0:06:43]} Kf5 {[%clk 0:00:01]} 46. Qd7+
{[%clk 0:06:41]} Kg6 {[%clk 0:00:00]} 47. Be4+ {[%clk 0:06:36]} Kh5
{[%clk 0:00:00]} 48. Qxh3# {[%clk 0:06:34]} 1-0

[Event "2012"]
[Site "Pyhajarve"]
[Date "2012.11.25"]
[Round "13.1"]
[White "MIEZIS, Normunds"]
[Black "SHORT, Nigel"]
[Result "0-1"]
[LiveChessVersion "1.3.1"]
[BlackElo "2702"]
[WhiteElo "2512"]

1. c4 {[%clk 0:09:57]} b6 {[%clk 0:10:00]} 2. Nc3 {[%clk 0:09:51]} Bb7
{[%clk 0:09:59]} 3. e4 {[%clk 0:09:44]} e5 {[%clk 0:09:58]} 4. Nf3
{[%clk 0:09:28]} Nc6 {[%clk 0:09:56]} 5. d3 {[%clk 0:09:05]} Bc5 {[%clk 0:09:48]}
6. g3 {[%clk 0:08:45]} Nge7 {[%clk 0:09:41]} 7. Bg2 {[%clk 0:08:42]} O-O
{[%clk 0:09:29]} 8. O-O {[%clk 0:08:35]} d6 {[%clk 0:09:27]} 9. a3
{[%clk 0:07:59]} a5 {[%clk 0:09:26]} 10. Be3 {[%clk 0:07:39]} f5 {[%clk 0:08:48]}
11. Ng5 {[%clk 0:07:02]} Qd7 {[%clk 0:08:45]} 12. exf5 {[%clk 0:06:26]} Nxf5
{[%clk 0:07:46]} 13. Bxc5 {[%clk 0:04:19]} bxc5 {[%clk 0:07:44]} 14. Qh5
{[%clk 0:03:36]} g6 {[%clk 0:07:40]} 15. Qh3 {[%clk 0:03:07]} Rae8
{[%clk 0:06:59]} 16. Rae1 {[%clk 0:03:02]} h6 {[%clk 0:06:19]} 17. Nge4
{[%clk 0:02:45]} Kg7 {[%clk 0:05:55]} 18. f4 {[%clk 0:02:41]} Bc8
{[%clk 0:05:07]} 19. Nd5 {[%clk 0:02:30]} Qd8 {[%clk 0:04:39]} 20. g4
{[%clk 0:02:20]} Nfd4 {[%clk 0:04:38]} 21. Qg3 {[%clk 0:02:12]} exf4
{[%clk 0:04:33]} 22. Nxf4 {[%clk 0:02:04]} Ne5 {[%clk 0:04:27]} 23. h3
{[%clk 0:02:02]} Rf7 {[%clk 0:04:05]} 24. Kh1 {[%clk 0:01:52]} Ref8
{[%clk 0:04:04]} 25. Nd5 {[%clk 0:01:41]} Rxf1+ {[%clk 0:03:50]} 26. Rxf1
{[%clk 0:01:40]} Rxf1+ {[%clk 0:03:48]} 27. Bxf1 {[%clk 0:01:38]} Bb7
{[%clk 0:03:47]} 28. Ndc3 {[%clk 0:01:27]} Bc6 {[%clk 0:03:30]} 29. Bg2
{[%clk 0:01:26]} Ne6 {[%clk 0:03:18]} 30. Qf2 {[%clk 0:01:24]} Qf8
{[%clk 0:03:14]} 31. Qxf8+ {[%clk 0:01:20]} Kxf8 {[%clk 0:03:13]} 32. Nd2
{[%clk 0:00:49]} Bxg2+ {[%clk 0:03:09]} 33. Kxg2 {[%clk 0:00:48]} Nf4+
{[%clk 0:03:05]} 34. Kg3 {[%clk 0:00:44]} Nfxd3 {[%clk 0:03:04]} 35. b3
{[%clk 0:00:42]} c6 {[%clk 0:02:56]} 36. a4 {[%clk 0:00:41]} Ke7 {[%clk 0:02:55]}
37. Nce4 {[%clk 0:00:38]} d5 {[%clk 0:02:52]} 38. Nf2 {[%clk 0:00:35]} Kd6
{[%clk 0:02:40]} 39. Nxd3 {[%clk 0:00:33]} Nxd3 {[%clk 0:02:39]} 40. Kf3
{[%clk 0:00:31]} g5 {[%clk 0:02:35]} 41. Ke3 {[%clk 0:00:30]} Nf4
{[%clk 0:02:34]} 42. h4 {[%clk 0:00:26]} Ng2+ {[%clk 0:02:33]} 43. Kf2
{[%clk 0:00:21]} Nxh4 {[%clk 0:02:31]} 44. Nf1 {[%clk 0:00:20]} Ke5
{[%clk 0:02:29]} 45. Ne3 {[%clk 0:00:18]} 0-1

[Event "2012"]
[Site "Pyhajarve"]
[Date "2012.11.25"]
[Round "13.2"]
[White "NYBACK, Tomi"]
[Black "OZOLINS, Aris"]
[Result "1/2-1/2"]
[LiveChessVersion "1.3.1"]
[BlackElo "2177"]
[WhiteElo "2631"]

1. d4 {[%clk 0:05:57]} Nf6 {[%clk 0:14:00]} 2. c4 {[%clk 0:05:56]} e5
{[%clk 0:13:59]} 3. dxe5 {[%clk 0:05:55]} Ng4 {[%clk 0:13:58]} 4. Bf4
{[%clk 0:05:52]} Bb4+ {[%clk 0:13:57]} 5. Nd2 {[%clk 0:05:50]} Nc6
{[%clk 0:13:56]} 6. Ngf3 {[%clk 0:05:48]} Qe7 {[%clk 0:13:50]} 7. a3
{[%clk 0:05:43]} Bxd2+ {[%clk 0:13:49]} 8. Qxd2 {[%clk 0:05:40]} Ngxe5
{[%clk 0:13:47]} 9. Nxe5 {[%clk 0:05:34]} Nxe5 {[%clk 0:13:45]} 10. c5
{[%clk 0:05:08]} O-O {[%clk 0:13:33]} 11. Rc1 {[%clk 0:05:00]} b6
{[%clk 0:13:32]} 12. Qd5 {[%clk 0:04:44]} Re8 {[%clk 0:12:21]} 13. e3
{[%clk 0:04:19]} c6 {[%clk 0:12:10]} 14. Qd4 {[%clk 0:03:52]} bxc5
{[%clk 0:12:02]} 15. Qxc5 {[%clk 0:03:48]} Qxc5 {[%clk 0:11:53]} 16. Rxc5
{[%clk 0:03:46]} d6 {[%clk 0:11:44]} 17. Rc3 {[%clk 0:03:39]} c5 {[%clk 0:11:36]}
18. Be2 {[%clk 0:03:29]} Rb8 {[%clk 0:11:30]} 19. Rc2 {[%clk 0:03:27]} Rb6
{[%clk 0:10:52]} 20. O-O {[%clk 0:03:22]} f6 {[%clk 0:10:08]} 21. Rd1
{[%clk 0:03:17]} Kf7 {[%clk 0:10:01]} 22. b4 {[%clk 0:03:05]} cxb4
{[%clk 0:09:41]} 23. axb4 {[%clk 0:03:03]} Be6 {[%clk 0:09:40]} 24. b5
{[%clk 0:02:52]} Re7 {[%clk 0:09:30]} 25. Rcd2 {[%clk 0:02:38]} Bb3
{[%clk 0:09:19]} 26. Ra1 {[%clk 0:02:31]} Bc4 {[%clk 0:09:15]} 27. Bxe5
{[%clk 0:02:26]} Bxe2 {[%clk 0:09:11]} 28. Bxd6 {[%clk 0:02:15]} Rd7
{[%clk 0:09:10]} 29. Rxe2 {[%clk 0:02:10]} Rbxd6 {[%clk 0:09:09]} 30. h4
{[%clk 0:02:08]} Rd1+ {[%clk 0:09:04]} 31. Rxd1 {[%clk 0:02:07]} Rxd1+
{[%clk 0:09:03]} 32. Kh2 {[%clk 0:02:05]} Rb1 {[%clk 0:09:02]} 33. Ra2
{[%clk 0:02:04]} Rxb5 {[%clk 0:08:57]} 34. Rxa7+ {[%clk 0:02:02]} Kg6
{[%clk 0:08:55]} 35. g4 {[%clk 0:02:00]} h5 {[%clk 0:08:49]} 36. gxh5+
{[%clk 0:01:59]} Rxh5 {[%clk 0:08:48]} 37. Kg3 {[%clk 0:01:57]} Rb5
{[%clk 0:08:47]} 38. e4 {[%clk 0:01:55]} Rb3+ 39. f3 {[%clk 0:01:54]} Rb1
{[%clk 0:08:42]} 40. Ra5 {[%clk 0:01:51]} Rg1+ {[%clk 0:08:40]} 41. Kh2
{[%clk 0:01:50]} Rf1 {[%clk 0:08:39]} 42. h5+ {[%clk 0:01:48]} Kh6
{[%clk 0:08:36]} 43. Kg2 {[%clk 0:01:46]} Rb1 {[%clk 0:08:34]} 44. f4
{[%clk 0:01:44]} Rb3 {[%clk 0:08:32]} 45. Rf5 {[%clk 0:01:42]} Re3
{[%clk 0:08:29]} 46. e5 {[%clk 0:01:41]} fxe5 {[%clk 0:08:09]} 47. fxe5
{[%clk 0:01:40]} g6 {[%clk 0:08:05]} 48. Kf2 {[%clk 0:01:25]} gxf5
{[%clk 0:07:44]} 49. Kxe3 {[%clk 0:01:23]} Kxh5 {[%clk 0:07:42]} 50. Kd4
{[%clk 0:01:12]} Kg6 {[%clk 0:07:21]} 51. Kd5 {[%clk 0:01:11]} Kf7
{[%clk 0:07:13]} 52. Kd6 {[%clk 0:01:05]} Ke8 {[%clk 0:07:08]} 53. Kd5 Ke7 54. e6
{[%clk 0:00:59]} f4 {[%clk 0:07:07]} 55. Ke4 {[%clk 0:00:58]} Kxe6
{[%clk 0:07:06]} 56. Kxf4 1/2-1/2

[Event "2012"]
[Site "Pyhajarve"]
[Date "2012.11.25"]
[Round "13.3"]
[White "SMITH, Axel"]
[Black "KULAOTS, Kaido"]
[Result "1-0"]
[LiveChessVersion "1.3.1"]
[BlackElo "2537"]
[WhiteElo "2490"]

1. d4 {[%clk 0:11:59]} Nf6 {[%clk 0:07:56]} 2. c4 {[%clk 0:11:58]} e6
{[%clk 0:07:55]} 3. g3 {[%clk 0:11:58]} d5 {[%clk 0:07:53]} 4. Nf3
{[%clk 0:11:56]} Bb4+ {[%clk 0:07:52]} 5. Bd2 {[%clk 0:11:55]} Be7
{[%clk 0:07:51]} 6. Bg2 {[%clk 0:11:54]} O-O {[%clk 0:07:50]} 7. O-O
{[%clk 0:11:53]} c6 {[%clk 0:07:49]} 8. Qc2 {[%clk 0:11:53]} b6 {[%clk 0:07:45]}
9. Rd1 {[%clk 0:11:49]} Bb7 {[%clk 0:07:39]} 10. b3 {[%clk 0:11:34]} Nbd7
{[%clk 0:07:37]} 11. Nc3 {[%clk 0:11:32]} Rc8 {[%clk 0:07:19]} 12. e4
{[%clk 0:11:30]} dxe4 {[%clk 0:06:34]} 13. Ng5 {[%clk 0:11:28]} c5
{[%clk 0:06:28]} 14. dxc5 {[%clk 0:10:52]} bxc5 {[%clk 0:05:15]} 15. Ncxe4
{[%clk 0:10:44]} Nxe4 {[%clk 0:04:41]} 16. Bxe4 {[%clk 0:10:39]} Bxe4
{[%clk 0:04:38]} 17. Qxe4 {[%clk 0:10:20]} Nf6 {[%clk 0:04:31]} 18. Qc2
{[%clk 0:10:01]} h6 {[%clk 0:04:11]} 19. Bc3 {[%clk 0:09:54]} Qc7
{[%clk 0:04:10]} 20. Bxf6 {[%clk 0:09:48]} hxg5 {[%clk 0:04:09]} 21. Bxe7
{[%clk 0:09:36]} Qxe7 {[%clk 0:04:08]} 22. Rd3 {[%clk 0:09:27]} Rfd8
{[%clk 0:04:07]} 23. Rad1 {[%clk 0:09:26]} Rxd3 {[%clk 0:04:06]} 24. Qxd3
{[%clk 0:09:25]} a5 {[%clk 0:03:22]} 25. Qd2 {[%clk 0:08:36]} Ra8
{[%clk 0:03:16]} 26. Qd6 {[%clk 0:08:20]} Qxd6 {[%clk 0:03:15]} 27. Rxd6
{[%clk 0:08:19]} a4 {[%clk 0:03:01]} 28. Rb6 {[%clk 0:08:04]} axb3
{[%clk 0:02:42]} 29. axb3 {[%clk 0:08:04]} g4 {[%clk 0:02:22]} 30. Rb5
{[%clk 0:07:52]} Ra3 {[%clk 0:02:07]} 31. Kf1 {[%clk 0:07:48]} f5
{[%clk 0:02:01]} 32. Ke2 {[%clk 0:07:44]} Ra2+ {[%clk 0:02:00]} 33. Ke3
{[%clk 0:07:41]} Rb2 {[%clk 0:01:56]} 34. f3 {[%clk 0:06:48]} gxf3
{[%clk 0:01:54]} 35. Kxf3 {[%clk 0:06:47]} Kf7 {[%clk 0:01:53]} 36. h4
{[%clk 0:05:07]} Kf6 {[%clk 0:01:52]} 37. g4 {[%clk 0:05:07]} Rh2
{[%clk 0:01:38]} 38. Kg3 {[%clk 0:04:17]} Rb2 {[%clk 0:01:31]} 39. gxf5
{[%clk 0:04:06]} exf5 {[%clk 0:01:29]} 40. Kf4 {[%clk 0:04:00]} Rf2+
{[%clk 0:01:27]} 41. Ke3 {[%clk 0:03:57]} Rh2 {[%clk 0:01:26]} 42. Rxc5
{[%clk 0:03:48]} Rh3+ {[%clk 0:01:25]} 43. Kf4 {[%clk 0:03:31]} Rxh4+
{[%clk 0:01:23]} 44. Kg3 Rg4+ 45. Kf3 {[%clk 0:03:30]} Rh4 {[%clk 0:01:21]} 46.
b4 {[%clk 0:03:25]} g5 {[%clk 0:01:20]} 47. b5 {[%clk 0:03:23]} g4+
{[%clk 0:01:19]} 48. Kf4 {[%clk 0:03:19]} Kg6 {[%clk 0:01:09]} 49. b6
{[%clk 0:03:10]} Rh3 {[%clk 0:01:02]} 50. b7 {[%clk 0:02:37]} 1-0

[Event "2012"]
[Site "Pyhajarve"]
[Date "2012.11.25"]
[Round "13.4"]
[White "LIIVA, Riho"]
[Black "VIHMAND, Ants"]
[Result "1/2-1/2"]
[LiveChessVersion "1.3.1"]
[BlackElo "2176"]
[WhiteElo "2451"]

1. e4 {[%clk 0:05:59]} d5 {[%clk 0:14:00]} 2. exd5 {[%clk 0:05:58]} Qxd5
{[%clk 0:13:59]} 3. Nc3 {[%clk 0:05:55]} Qa5 {[%clk 0:13:59]} 4. Nf3
{[%clk 0:05:46]} Nf6 {[%clk 0:13:58]} 5. Be2 {[%clk 0:05:36]} Nc6
{[%clk 0:13:57]} 6. d3 {[%clk 0:05:27]} Bg4 {[%clk 0:13:56]} 7. h3
{[%clk 0:05:26]} Bh5 {[%clk 0:13:55]} 8. Bd2 {[%clk 0:05:19]} O-O-O
{[%clk 0:13:53]} 9. a3 {[%clk 0:05:15]} Bxf3 {[%clk 0:12:29]} 10. Bxf3
{[%clk 0:05:14]} Nd4 {[%clk 0:12:29]} 11. O-O {[%clk 0:05:02]} e6
{[%clk 0:12:22]} 12. b4 {[%clk 0:04:32]} Qf5 {[%clk 0:12:19]} 13. Be4
{[%clk 0:04:11]} Nxe4 {[%clk 0:12:15]} 14. Nxe4 {[%clk 0:04:10]} Be7
{[%clk 0:11:55]} 15. Re1 {[%clk 0:03:27]} Bf6 {[%clk 0:11:53]} 16. c3
{[%clk 0:02:58]} Nc6 {[%clk 0:11:26]} 17. d4 {[%clk 0:02:57]} e5 {[%clk 0:10:51]}
18. b5 {[%clk 0:02:41]} Ne7 {[%clk 0:10:49]} 19. Ng3 {[%clk 0:02:23]} Qd3
{[%clk 0:10:21]} 20. dxe5 {[%clk 0:02:08]} Bh4 {[%clk 0:10:15]} 21. Qg4+
{[%clk 0:01:57]} Kb8 {[%clk 0:09:56]} 22. Qxh4 {[%clk 0:01:33]} Ng6
{[%clk 0:09:55]} 23. Qg5 {[%clk 0:01:28]} Qxd2 {[%clk 0:09:52]} 24. Qxd2
{[%clk 0:01:27]} Rxd2 25. Nf5 Rhd8 {[%clk 0:09:09]} 26. Nxg7 {[%clk 0:01:17]} Nf4
{[%clk 0:09:04]} 27. Nf5 {[%clk 0:01:16]} Ne2+ {[%clk 0:09:01]} 28. Kf1
{[%clk 0:01:14]} Nxc3 {[%clk 0:08:59]} 29. a4 {[%clk 0:01:10]} Rb2
{[%clk 0:08:46]} 30. Kg1 {[%clk 0:00:59]} Ne2+ {[%clk 0:08:40]} 31. Kh1
{[%clk 0:00:55]} Nf4 {[%clk 0:08:38]} 32. Rf1 {[%clk 0:00:53]} Rdd2
{[%clk 0:07:45]} 33. Rad1 {[%clk 0:00:47]} a6 {[%clk 0:07:23]} 34. bxa6
{[%clk 0:00:46]} bxa6 {[%clk 0:07:22]} 35. Rxd2 {[%clk 0:00:44]} Rxd2
{[%clk 0:07:21]} 36. Kg1 {[%clk 0:00:43]} Ne2+ 37. Kh2 c5 38. Ne3 Kc7
{[%clk 0:06:37]} 39. g3 {[%clk 0:00:41]} Kc6 40. Kg2 1/2-1/2

[Event "2012"]
[Site "Pyhajarve"]
[Date "2012.11.25"]
[Round "13.5"]
[White "VOLODIN, Aleksandr"]
[Black "VALGMAE, Toomas"]
[Result "1/2-1/2"]
[LiveChessVersion "1.3.1"]
[BlackElo "2257"]
[WhiteElo "2446"]

1. d4 {[%clk 0:05:57]} Nf6 {[%clk 0:13:38]} 2. c4 {[%clk 0:05:56]} e6
{[%clk 0:13:37]} 3. Nf3 {[%clk 0:05:55]} b6 {[%clk 0:13:33]} 4. a3
{[%clk 0:05:55]} Bb7 {[%clk 0:13:32]} 5. Nc3 {[%clk 0:05:54]} d5 {[%clk 0:13:25]}
6. cxd5 {[%clk 0:05:53]} exd5 {[%clk 0:13:20]} 7. g3 {[%clk 0:05:52]} Bd6
{[%clk 0:13:08]} 8. Bg2 {[%clk 0:05:51]} O-O {[%clk 0:12:54]} 9. Ne5
{[%clk 0:05:50]} c6 {[%clk 0:12:45]} 10. O-O {[%clk 0:05:47]} Nbd7
{[%clk 0:12:44]} 11. f4 {[%clk 0:05:46]} Re8 {[%clk 0:12:35]} 12. e3
{[%clk 0:05:34]} Rc8 {[%clk 0:12:22]} 13. Bd2 {[%clk 0:05:23]} Nf8
{[%clk 0:12:18]} 14. Rc1 {[%clk 0:05:15]} N6d7 {[%clk 0:12:15]} 15. Qh5
{[%clk 0:04:48]} g6 {[%clk 0:11:28]} 16. Qd1 {[%clk 0:04:25]} f6 {[%clk 0:11:20]}
17. Ng4 {[%clk 0:04:24]} h5 18. Nf2 f5 {[%clk 0:10:46]} 19. Qa4 {[%clk 0:04:22]}
a5 {[%clk 0:10:18]} 20. Qb3 {[%clk 0:04:10]} Ba6 {[%clk 0:10:07]} 21. Rfe1
{[%clk 0:04:10]} Kg7 {[%clk 0:09:36]} 22. Bf1 {[%clk 0:03:54]} Bxf1
{[%clk 0:09:24]} 23. Kxf1 {[%clk 0:03:53]} Nh7 {[%clk 0:09:10]} 24. h4
{[%clk 0:03:43]} Nhf6 {[%clk 0:09:07]} 25. Rc2 {[%clk 0:03:39]} b5
{[%clk 0:08:22]} 26. Rec1 {[%clk 0:03:28]} a4 {[%clk 0:08:17]} 27. Qa2
{[%clk 0:03:28]} Nb6 {[%clk 0:08:15]} 28. b3 {[%clk 0:03:08]} axb3
{[%clk 0:08:11]} 29. Qxb3 {[%clk 0:03:07]} Nc4 {[%clk 0:08:06]} 30. Ncd1
{[%clk 0:02:41]} Ra8 {[%clk 0:07:57]} 31. Bb4 {[%clk 0:02:35]} Bc7
{[%clk 0:07:26]} 32. Nd3 {[%clk 0:02:20]} Ng4 {[%clk 0:06:53]} 33. Ne5
{[%clk 0:02:15]} Bxe5 {[%clk 0:06:26]} 34. dxe5 {[%clk 0:02:14]} Qb6
{[%clk 0:06:25]} 35. Rxc4 {[%clk 0:01:34]} dxc4 {[%clk 0:06:16]} 36. Qb2
{[%clk 0:01:19]} Nxe3+ {[%clk 0:06:03]} 37. Nxe3 {[%clk 0:01:18]} Qxe3
{[%clk 0:06:02]} 38. Kg2 {[%clk 0:00:54]} Kf7 {[%clk 0:05:39]} 39. Re1
{[%clk 0:00:49]} Qd3 40. e6+ Rxe6 {[%clk 0:04:38]} 41. Rxe6 {[%clk 0:00:48]} Kxe6
{[%clk 0:04:37]} 42. Qe5+ {[%clk 0:00:47]} Kf7 {[%clk 0:04:02]} 43. Qe7+
{[%clk 0:00:47]} Kg8 {[%clk 0:04:01]} 44. Qe6+ {[%clk 0:00:46]} Kh7
{[%clk 0:03:07]} 45. Qf7+ {[%clk 0:00:39]} Kh6 {[%clk 0:03:00]} 46. Bf8+
{[%clk 0:00:37]} Rxf8 {[%clk 0:02:59]} 47. Qxf8+ {[%clk 0:00:36]} Kh7
{[%clk 0:02:58]} 1/2-1/2